Grides erőforrás-kezelő rendszerek együttműködésére szolgáló eszköz kidolgozása

Elmentve itt :
Bibliográfiai részletek
Szerző: Kucsora Róbert
További közreműködők: Kertész Attila (Témavezető)
Dokumentumtípus: Szakdolgozat
Megjelent: 2007-06-08
Tárgyszavak:
Online Access:http://diploma.bibl.u-szeged.hu/3072
LEADER 00831nta a2200181 i 4500
001 dipl3072
005 20130314072202.0
008 110420s2007 hu om 0|| hun d
040 |a SZTE Diploma Repozitórium  |b hun 
041 |a hun 
100 1 |a Kucsora Róbert 
245 1 0 |a Grides erőforrás-kezelő rendszerek együttműködésére szolgáló eszköz kidolgozása  |h [elektronikus dokumentum] /  |c Róbert Kucsora 
260 |c 2007-06-08 
650 4 |a Informatika 
700 1 |a Kertész Attila  |e ths 
856 4 0 |u http://diploma.bibl.u-szeged.hu/id/eprint/3072/1/Diplomamunka.pdf  |z Dokumentum-elérés  
856 4 0 |u http://diploma.bibl.u-szeged.hu/id/eprint/3072/2/2007_kucsora_robert_07_70_melleklet.tgz  |z Dokumentum-elérés  
856 4 0 |u http://diploma.bibl.u-szeged.hu/id/eprint/3072/3/2007_kucsora_robert_07_70_biralat.pdf  |z Dokumentum-elérés